|
|
|
|
| LEADER |
01241nam a22002897a 4500 |
| 001 |
34636 |
| 003 |
BD-DhAAL |
| 005 |
20190508110435.0 |
| 008 |
190508r20172002ii a 001 0 eng d |
| 999 |
|
|
|c 40726
|d 40726
|
| 020 |
|
|
|a 9788126515202
|
| 040 |
|
|
|a BD-DhAAL
|
| 082 |
|
|
|a 515
|
| 100 |
|
|
|a Apostol, Tom M.
|9 31555
|
| 245 |
|
|
|a Calculus.
|n Vol. 2,
|p Multi-variable calculus and linear algebra, with applications to differential equations and probability /
|c Tom M. Apostol.
|
| 250 |
|
|
|a Second edition
|
| 260 |
|
|
|a New Dehli :
|b Wiley,
|c c2002 [reprinted 2017]
|
| 300 |
|
|
|a xxi, 673 pages :
|b illustrations ;
|c 26 cm.
|
| 362 |
|
|
|a Vol. 2
|
| 500 |
|
|
|a Includes index.
|
| 526 |
|
|
|a MNS
|
| 541 |
|
|
|a Mullick & Brothers
|e 34636, 34637
|
| 650 |
|
|
|a Calculus.
|9 31556
|
| 852 |
|
|
|a Ayesha Abed Library
|b General Stacks
|
| 942 |
|
|
|2 ddc
|c BK
|
| 952 |
|
|
|0 0
|1 0
|2 ddc
|4 0
|6 515_000000000000000_APO
|7 0
|9 65422
|a BRACUL
|b BRACUL
|c GEN
|d 2019-04-24
|e Mullick & Brothers
|g 850.00
|l 13
|m 72
|o 515 APO
|p 3010034636
|r 2026-05-18
|s 2026-05-18
|t 1
|v 850.00
|w 2019-04-24
|y BK
|
| 952 |
|
|
|0 0
|1 0
|2 ddc
|4 0
|6 515_000000000000000_APO
|7 0
|9 65423
|a BRACUL
|b BRACUL
|c GEN
|d 2019-04-24
|e Mullick & Brothers
|g 850.00
|l 11
|m 59
|o 515 APO
|p 3010034637
|r 2025-07-30
|s 2025-07-08
|t 1
|v 850.00
|w 2019-04-24
|y BK
|